अधटितिSा घडले सारे (Record no. 297044)

MARC details
000 -LEADER
fixed length control field 00512nam a2200157Ia 4500
008 - FIXED-LENGTH DATA ELEMENTS--GENERAL INFORMATION
fixed length control field 090711s9999 xx 000 0 und d
082 ## - DEWEY DECIMAL CLASSIFICATION NUMBER
Item number 19302
100 ## - MAIN ENTRY--PERSONAL NAME
Personal name बनारसे वि. ब.
245 ## - TITLE STATEMENT
Title अधटितिSा घडले सारे
300 ## - PHYSICAL DESCRIPTION
Extent 151
600 ## - SUBJECT ADDED ENTRY--PERSONAL NAME
Personal name बनारसे वि. ब.
630 ## - SUBJECT ADDED ENTRY--UNIFORM TITLE
Uniform title अधटितिSा घडले सारे
700 ## - ADDED ENTRY--PERSONAL NAME
Personal name बनारसे वि. ब.
730 ## - ADDED ENTRY--UNIFORM TITLE
Uniform title अधटितिSा घडले सारे
942 ## - ADDED ENTRY ELEMENTS (KOHA)
Koha item type Book
Holdings
Withdrawn status Lost status Damaged status Not for loan Home library Current library Date acquired Cost, normal purchase price Total Checkouts Full call number Barcode Date last seen Cost, replacement price Price effective from Koha item type
        Dadar Sarvajanik Vachanalaya, Dardar Dadar Sarvajanik Vachanalaya, Dardar 07/11/2009 5.00   19302 DASAVA-19302 07/11/2009 5.00 07/11/2009 Book